000 01402cam a2200361 i 4500
999 _c1675
_d1675
001 18182652
003 OSt
005 20230118135845.0
008 140610s2015 nyu c 000 1 eng
010 _a 2014018268
020 _a9781442485044 (pbk.)
040 _aDLC
_beng
_cDLC
_erda
_dDLC
_dKH8
042 _apcc
_alcac
082 0 0 _aFIC BAS
_223
100 1 _aBaskin, Nora Raleigh.
_eauthor
245 1 0 _aRuby on the outside /
_cNora Raleigh Baskin.
250 _aFirst edition.
264 1 _aNew York :
_bSimon & Schuster Books for Young Readers,
_c2015.
300 _a163 pages ;
_c22 cm
336 _atext
_btxt
_2rdacontent
337 _aunmediated
_bn
_2rdamedia
338 _avolume
_bnc
_2rdacarrier
520 _aEleven-year-old Ruby Danes has a real best friend for the first time ever, but agonizes over whether or not to tell her a secret she has never shared with anyone--that her mother has been in prison since Ruby was five--and over whether to express her anger to her mother.
521 1 _aAges 8-12.
650 1 _aMothers and daughters
_vFiction.
650 1 _aPrisoners' families
_vFiction.
650 1 _aBest friends
_vFiction.
650 1 _aFriendship
_vFiction.
650 1 _aAunts
_vFiction.
906 _a7
_bcbc
_corignew
_d1
_eecip
_f20
_gy-gencatlg
942 _2ddc
_cFIC